Revolution 2020 : Love Corruption Ambition (Record no. 10505)

MARC details
000 -LEADER
fixed length control field 00421nam a22001697a 4500
003 - CONTROL NUMBER IDENTIFIER
control field OSt
008 - FIXED-LENGTH DATA ELEMENTS--GENERAL INFORMATION
fixed length control field 210223b ||||| |||| 00| 0 eng d
020 ## - INTERNATIONAL STANDARD BOOK NUMBER
International Standard Book Number 9788129135537
082 ## - DEWEY DECIMAL CLASSIFICATION NUMBER
Classification number 823.92 BHR
100 ## - MAIN ENTRY--PERSONAL NAME
Personal name BHAGAT, Chetan
245 ## - TITLE STATEMENT
Title Revolution 2020 : Love Corruption Ambition
250 ## - EDITION STATEMENT
Edition statement 59th Imp.
260 ## - PUBLICATION, DISTRIBUTION, ETC. (IMPRINT)
Place of publication, distribution, etc New Delhi
Name of publisher, distributor, etc Rupa Publication
Date of publication, distribution, etc 2020
300 ## - PHYSICAL DESCRIPTION
Extent 296
650 ## - SUBJECT ADDED ENTRY--TOPICAL TERM
Topical term or geographic name as entry element General Books
942 ## - ADDED ENTRY ELEMENTS (KOHA)
Source of classification or shelving scheme Dewey Decimal Classification
Koha item type Text Books
Holdings
Withdrawn status Lost status Source of classification or shelving scheme Damaged status Not for loan Collection code Home library Current library Date acquired Source of acquisition Currency Cost, normal purchase price Bill Number Total Checkouts Full call number Acc. no. / Barcode Date last seen Date last borrowed Actual Cost, discounted price Bill Date Koha item type Public note Checked out
    Dewey Decimal Classification     GENERAL PIET C-LIBRARY PIET C-LIBRARY 08/02/2021 Kirti Prakashan Indian Rup 250.00 IN1508 18 823.92 BHR 32496 03/07/2024 24/06/2024 167.50 06/02/2021 Text Books    
    Dewey Decimal Classification     GENERAL PIET C-LIBRARY PIET C-LIBRARY 08/02/2021 Kirti Prakashan Indian Rup 250.00 IN1508 15 823.92 BHR 32497 09/01/2024 28/12/2023 167.50 06/02/2021 Text Books Stories and Novels  
    Dewey Decimal Classification     GENERAL PIET C-LIBRARY PIET C-LIBRARY 08/02/2021 Kirti Prakashan Indian Rup 250.00 IN1508 2 823.92 BHR 32498 13/01/2024 13/01/2024 167.50 06/02/2021 Text Books . 11/07/2024
    Dewey Decimal Classification     GENERAL PIET C-LIBRARY PIET C-LIBRARY 08/02/2021 Kirti Prakashan Indian Rup 250.00 IN1508 2 823.92 BHR 32499 13/01/2024 13/01/2024 167.50 06/02/2021 Text Books . 11/07/2024

Design & Developed by: PIET Central Library
R70 Miles Stone Pattikalyana Samalkha Panipat 132102
mail ID :- [email protected], Phone No:- 0180-2569700 Ex.216